Biology of the vertebrates : (Record no. 55498)
[ view plain ]
| 000 -LEADER | |
|---|---|
| fixed length control field | 01066nam a2200313 a 4500 |
| 001 - CONTROL NUMBER | |
| control field | 55498 |
| 003 - CONTROL NUMBER IDENTIFIER | |
| rucl marc code | BD-RjUL |
| 005 - DATE AND TIME OF LATEST TRANSACTION | |
| control field | 20211209080256.0 |
| 008 - FIXED-LENGTH DATA ELEMENTS--GENERAL INFORMATION | |
| fixed length control field | 161119r19561949nyuab b 001 0 eng |
| 035 ## - SYSTEM CONTROL NUMBER | |
| System control number | (BD-RjUL)55621 |
| 040 ## - CATALOGING SOURCE | |
| Original cataloging agency | DLC |
| Transcribing agency | KSU |
| Modifying agency | OCL |
| -- | BD-RjUL |
| Language of cataloging | eng |
| 041 ## - LANGUAGE CODE | |
| Language code of text/sound track or separate title | eng |
| 082 ## - DEWEY DECIMAL CLASSIFICATION NUMBER | |
| Classification number | 596 |
| Edition number | 23 |
| Author mark and year | WAB 1956 |
| 090 ## - LOCALLY ASSIGNED LC-TYPE CALL NUMBER (OCLC); LOCAL CALL NUMBER (OCLC) | |
| Classification number (OCLC) (R) ; Classification number, CALL (RLIN) (NR) | QL605.W3x 1949 |
| 100 1# - MAIN ENTRY--PERSONAL NAME | |
| Personal name | Walter, Herbert Eugene, |
| Dates associated with a name | 1867-1945. |
| 9 (RLIN) | 165326 |
| 245 10 - TITLE STATEMENT | |
| Title | Biology of the vertebrates : |
| Remainder of title | a comparative study of man and his animal allies / |
| Statement of responsibility, etc. | Herbert E. Walter and Leonard P. Sayles. |
| 250 ## - EDITION STATEMENT | |
| Edition statement | 3d ed. |
| 260 ## - PUBLICATION, DISTRIBUTION, ETC. (IMPRINT) | |
| Place of publication, distribution, etc. | New York : |
| Name of publisher, distributor, etc. | The Macmillan Company, |
| Date of publication, distribution, etc. | 1949 [printing 1956]. |
| 300 ## - PHYSICAL DESCRIPTION | |
| Pagination | xix, 875 p. : |
| Illustrations | ill.; |
| Size | 25 cm. |
| 504 ## - BIBLIOGRAPHY, ETC. NOTE | |
| Bibliography, etc | Includes index and Bibliography |
| 650 #0 - SUBJECT ADDED ENTRY--TOPICAL TERM | |
| Topical term or geographic name as entry element | Vertebrates. |
| 9 (RLIN) | 165327 |
| Topical term or geographic name as entry element | Vertebrates |
| General subdivision | Anatomy. |
| 9 (RLIN) | 162139 |
| Topical term or geographic name as entry element | Anatomy, Comparative. |
| 9 (RLIN) | 128809 |
| 700 1# - ADDED ENTRY--PERSONAL NAME | |
| Personal name | Sayles, Leonard P. |
| Fuller form of name | (Leonard Perkins), |
| Dates associated with a name | 1902- |
| 942 ## - ADDED ENTRY ELEMENTS (KOHA) | |
| Source of classification or shelving scheme | Dewey Decimal Classification |
| Koha item type | Books |
| 946 ## - LOCAL PROCESSING INFORMATION (OCLC) | |
| a | t |
| 949 #0 - LOCAL PROCESSING INFORMATION (OCLC) | |
| c | HDC |
| o | 0 |
| p | 39080025543908 |
| x | 15 |
| y | HDC ITEM |
| h | QL605.W3x 1949 |
| Lost status | Source of classification or shelving scheme | Damaged status | Not for loan | Collection code | Permanent Location | Current Location | Shelving location | Date acquired | Source of acquisition | Cost, normal purchase price | Total Checkouts | Full call number | Date last seen | Copy number | Koha item type |
|---|---|---|---|---|---|---|---|---|---|---|---|---|---|---|---|
| Dewey Decimal Classification | Non-fiction | Central Library, University of Rajshahi | Central Library, University of Rajshahi | 27/11/1967 | Zeitlinger | 63.00 | 596 WAB 1956 | 19/11/2016 | C-2 | Books | |||||
| Dewey Decimal Classification | Not For Loan | Non-fiction | Central Library, University of Rajshahi | Central Library, University of Rajshahi | Reading Room | 27/11/1967 | Zeitlinger | 63.00 | 596 WAB 1956 | 14/01/2019 | C-1 | Books | |||
| Dewey Decimal Classification | Non-fiction | Central Library, University of Rajshahi | Central Library, University of Rajshahi | 28/11/1967 | Zeitlinger | 63.00 | 596 WAB 1956 | 06/02/2019 | C-3 | Books |